Quiz Star Wars - Padawan - Statistiques

Statistiques générales
  • Ce quiz a été pris 267 fois
  • Le résultat moyen est 9 sur 15
Statistiques - réponses
Question Réponse % Correct
Qui est le maître d'Obi Wan ? Qui Gon Jinn
97%
Dans quel épisode la deuxième étoile de la mort est-elle détruite ? Retour du Jedi
82%
De quelle espèce était Yoda ? Si lointaine que son origine est inconnue
82%
Contre qui Han Solo remporte-t-il le Faucon Millenium ? Lando Calrissian
80%
Quel ancien temple Jedi sert de base rebelle dans l'épisode 4 ? Le temple de Yavin 4
77%
Quel est le Jedi qui a passé commande de l'armée de Clone dans L'Attaque des Clones ? Maître Sifo-Dyas
70%
Comment s'appelle le Vice-roi de la Fédération du Commerce ? Nute Gunray
70%
Comment s'appelle le maître esclavagiste d'Anakin sur Tatooine ? Watto
70%
Comment obtient-on légalement le sabre noir Mandalorien ? En battant son propriétaire en duel loyal
68%
Sur quelle planète se situait Obi-Wan lorsqu'il a tué le Général Grievous ? Utapau
67%
Où est palpatine durant l'épisode 4 et 5 ? Dans le palais impérial sur Coruscant
53%
Dans « Star Wars Rebels » quel pseudonyme Ahsoka Tano adopte-t-elle alors qu'elle mène un groupe de rebelles contre l'Empire galactique ? Fulcrum
42%
Combien de récompenses toute la saga "Star Wars" a-t-elle obtenues ? 121
30%
Combien de films Star Wars ont été réalisés par George Lucas ? 4
28%
À partir de quoi Rey fabrique son sabre laser ? De son bâton
25%
Aucun quiz correspondant
Distribution des résultats
% des personnes avec chaque résultat
Percentile par nombre de réponses
Votre historique - résultats
Vous n’avez pas pris ce quiz